Bildideologie des Deutschen Ordens auf dem Hintergrund der mitteleuropäischen Kunst

Titel: Bildideologie des Deutschen Ordens auf dem Hintergrund der mitteleuropäischen Kunst
Verfasser:
In: ˜Dieœ Rolle der Ritterorden in der mittelalterlichen Kultur, (1985), Seite 199-205
alle Artikel anzeigen
Veröffentlicht: 1985
Format: Aufsatz
Sprache: Deutsch
Kein Bild verfügbar
X
alg: 39188850
001A    $01999:11-11-16 
001B    $01999:16-05-21 $t20:16:36.000 
001D    $01999:11-11-16 
001U    $0utf8 
001X    $00 
002@    $0Aox 
003@    $0391888501 
007A    $0391888501 $aHEB 
007T    $0Herd20118 
010@    $ager 
011@    $a1985 
021A    $aBildideologie des Deutschen Ordens auf dem Hintergrund der mitteleuropäischen Kunst 
028A    $aKarłowska-Kamzowa $dAlicja 
031A    $h199-205 $j1985 
039B    $aIn $8--Aauc--. Die @Rolle der Ritterorden in der mittelalterlichen Kultur. - Toruń : Uniw. Mikołaja Kopernika, 1985. - 212 S.. - Ill.. - ISBN 83-231-0037-3 $x198500000000000801 $9005404916 
045F    $a709.4382 $eDDC23BSB 
045F/01 $a709 
045F/03 $g4382 
045F/03 $g43832 

lok: 39188850 78

exp: 39188850 78 1 #EPN
201B/01 $019-04-17 $t10:52:33.000 
201U/01 $0utf8 
203@/01 $0787984051 
208@/01 $a11-11-16 $be 
209A/01 $a/ $f000 $x00 
220C/01 $aTitelaufnehmer: kl 
220C/01 $aAnmerkung: Tatsächlich ohne "die"! 
244Z/01 $2Trx $#Prusy Wschodnie i Zachodnie $8--Trx--Ost- und Westpreußen $x01 $939113373X 
244Z/01 $2Trx $#ordud Saksa Ordu $#ordinas kryžiuočių $#order Teutonic Knights $#rendek Német Lovagrend $#zakony, krzyżacy $#rád, nemeckí rytieri $#řád, němečtí rytíři $#Deutscher Orden $#Ritterorden $#zakon krzyżacki $#zakon niemiecki $#nemeckí rytieri $8--Trx--Orden$gDeutscher Orden $x02 $9391363204 
244Z/01 $2Trx $#maalikunst $#tapyba $#Painting $#festészet $#malarstwo $#maliarstvo $#malířství $8--Trx--Malerei $x03 $9391366467 
244Z/01 $2Trx $#ikonograafia $#ikonografija $#Iconography $#ikonográfia $#ikonografia $#ikonografia $#ikonografie $#Bildkunde, historische $8--Trx--Ikonographie $x04 $9391355457 
244Z/01 $2Trx $8--Trx--Einzelbeiträge $x05 $9391384570 
245Z/01 $a11.10 $x01 
247C/01 $82080>Marburg/Lahn, Herder-Institut, Forschungsbibliothek, Bibliographieportal $9336309341
LEADER 00000caa a22000002c 4500
001 391888501
003 DE-603
005 20210516201636.0
007 tu
008 161111s1985 xx |||| | u00||u|ger c
035 |a (DE-599)HEB391888501 
040 |a DE-603  |b ger  |c DE-603  |d DE-603 
041 |a ger 
082 0 4 |8 1\u  |a 709.4382  |q DE-101  |2 23/BSB 
085 |8 1\u  |b 709 
085 |8 1\u  |z 2  |s 4382 
085 |8 1\u  |z 2  |s 43832 
100 1 |a Karłowska-Kamzowa, Alicja 
245 0 0 |a Bildideologie des Deutschen Ordens auf dem Hintergrund der mitteleuropäischen Kunst 
264 0 |c 1985 
773 0 8 |i In  |t ˜Dieœ Rolle der Ritterorden in der mittelalterlichen Kultur  |d Toruń : Uniw. Mikołaja Kopernika, 1985  |h 212 S., Ill.  |z 8323100373  |g (1985), Seite 199-205  |w (DE-603)005404916 
924 0 |9 2080  |a (DE-603)787984051  |b DE-2080  |c HES  |d d  |g /